Géographie Physique d'Océanie - Statistiques

Statistiques générales
  • Ce quiz a été pris 4 528 fois
  • Le résultat moyen est 8 sur 23
Statistiques - réponses
Indice Réponse % Correct
Plus grandes îles Australie
96%
Grandes régions issues du découpage traditionnel* de l'Océanie*découpage contesté de nos jours {Micro}nésie
80%
Grandes régions issues du découpage traditionnel* de l'Océanie *découpage contesté de nos jours {Poly}nésie
72%
Plus grandes îles Tasmanie
68%
Plus grand récif corallien du monde, situé dans la mer précédente Grande Barrière de Corail
49%
Plus grandes îles Nouvelle-Guinée
48%
Célèbre massif isolé d'Australie, classé au patrimoine mondial de l'UNESCO Uluru
42%
Plus grandes îles Île du Nord
41%
Plus grandes îles Île du Sud
41%
Grandes régions issues du découpage traditionnel* de l'Océanie *découpage contesté de nos jours {Méla}nésie
35%
Mer à l'est de cette péninsule Mer de Corail
32%
Plus longue chaîne de montagnes de Nouvelle-Zélande {Alpes} {du} {Sud}
30%
Arrière pays australien, situé au-delà de la zone précédente L'Outback
30%
Arrière-pays peu habités, composés de savane arbustive, de bois et broussailles Le Bush
26%
Plus importante chaîne de montagnes d'Australie {Cordillère} australienne
21%
Détroit séparant les îles #3 et #4 Détroit de Cook
18%
Plus long cours d'eau Murray
14%
Détroit séparant les îles #1 et #2 Détroit de Torres
11%
Plus grandes îles Nouvelle-Bretagne
8%
Plus grand lac de d'Océanie, situé en Australie Lac Eyre
8%
Plus grand lac de Nouvelle-Zélande Lac Taupo
8%
Péninsule située à l'extrême nord du Queensland Péninsule du Cap York
8%
Golfe à l'ouest de cette péninsule Golfe de Carpentarie
7%
Aucun quiz correspondant
Distribution des résultats
% des personnes avec chaque résultat
Percentile par nombre de réponses
Votre historique - résultats
Vous n’avez pas pris ce quiz